Epidemiología clínica : (Registro nro. 21951)

Detalles MARC
000 -LEADER
fixed length control field 01239nam a2200301 4500
001 - CONTROL NUMBER
control field 0000022326
003 - CONTROL NUMBER IDENTIFIER
control field CO-CtgCURN
005 - DATE AND TIME OF LATEST TRANSACTION
control field 20250502121244.0
007 - PHYSICAL DESCRIPTION FIXED FIELD--GENERAL INFORMATION
fixed length control field ta
008 - FIXED-LENGTH DATA ELEMENTS--GENERAL INFORMATION
fixed length control field 160627s1997 000 0 eng d
020 ## - INTERNATIONAL STANDARD BOOK NUMBER
International Standard Book Number 9500620006
040 ## - CATALOGING SOURCE
Original cataloging agency CO-CtgCURN
Language of cataloging spa
Transcribing agency coctgcurn
082 0# - DEWEY DECIMAL CLASSIFICATION NUMBER
Classification number 614.4
Item number S12e
245 00 - TITLE STATEMENT
Title Epidemiología clínica :
Remainder of title ciencia básica para la medicina clínica /
Statement of responsibility, etc. David L. Sackett...[et , al].
250 ## - EDITION STATEMENT
Edition statement 2a ed.
260 ## - PUBLICATION, DISTRIBUTION, ETC.
Place of publication, distribution, etc. Buenos Aires :
Name of publisher, distributor, etc. Medica Panamericana,
Date of publication, distribution, etc. 1997.
300 ## - PHYSICAL DESCRIPTION
Extent 424 p.
336 ## - CONTENT TYPE
Source rdacontent
337 ## - MEDIA TYPE
Source rdamedia
Media type term sin mediacion
Media type code n
338 ## - CARRIER TYPE
Source rdacarrier
Carrier type term volumen
Carrier type code nc
500 ## - GENERAL NOTE
General note Incluye indice Analitico.
505 8# - FORMATTED CONTENTS NOTE
Formatted contents note Diagnostico.--Estrategias para el diagnostico clinico.--El examen clinico.--Selección de pruebas diagnoticas.--Interpretacion de los datos dignosaticas.--Diagnotico precoz.--Elaboracion y pronostico.--Decidir la mejor terapeutica.--Ayudar a los pacientes a cumplir los tratamientos.--Decidir si su tratamiento ha sido perjudicial
650 14 - SUBJECT ADDED ENTRY--TOPICAL TERM
Topical term or geographic name entry element Epidemiología clinica.
700 1# - ADDED ENTRY--PERSONAL NAME
Personal name Sackett, David L.
908 ## - PUT COMMAND PARAMETER (RLIN)
Put command parameter 160627
942 ## - ADDED ENTRY ELEMENTS (KOHA)
Koha item type Libros
Classification part 614.4
Item part S12e
Source of classification or shelving scheme Dewey Decimal Classification
Suppress in OPAC No
Existencias
Withdrawn status Lost status Source of classification or shelving scheme Damaged status Not for loan Collection Home library Current library Shelving location Date acquired Inventory number Total checkouts Full call number Barcode Date last seen Price effective from Koha item type Public note
    Dewey Decimal Classification     General Miguel Henríquez Emiliani Miguel Henríquez Emiliani General 03/31/2025 008548   614.4 S12e 008548 03/31/2025 03/31/2025 Libros 610-CIENME